000 00601cam a2200193 4500500
005 20260405004000.0
041 _afre
042 _adc
100 1 0 _aLacroix, Alexandre
_eauthor
245 0 0 _a"Comment recommencer ? En amour, au travail, dans la vie"
260 _c2026.
500 _a69
690 _aAlexandre Lacroix
690 _aArt
690 _aFredric Jameson
690 _aRecommencer
786 0 _nPhilosophie magazine | 196 | 1 | 2026-01-01 | p. 1-2 | 1951-1787
856 4 1 _uhttps://shs.cairn.info/magazine-philosophie-magazine-2026-1-page-1?lang=fr&redirect-ssocas=7080
999 _c2072637
_d2072636